The Journal of Japanese studies. (رقم التسجيلة. 131329)

تفاصيل مارك
000 -LEADER
fixed length control field 01287cas a2200337 4500
008 - FIXED-LENGTH DATA ELEMENTS--GENERAL INFORMATION
fixed length control field 750325c19749999waufr p aob 0 a0eng
010 ## - LIBRARY OF CONGRESS CONTROL NUMBER
LC control number 75641024
022 ## - INTERNATIONAL STANDARD SERIAL NUMBER
International Standard Serial Number 095-6848
040 ## - CATALOGING SOURCE
Original cataloging agency DLC
Transcribing agency DLC
Modifying agency NSDP
-- OCoLC
-- NSDP
-- NST
-- AIP
-- NSDP
-- NST
-- NSDP
-- DLC
-- NST
-- MH
-- MiU
-- CU-S
-- MH
-- PBL
-- OCoLC
-- CU-S
-- OCoLC
-- NSDP
-- NLGGC
-- OCoLC
-- HEBIS
-- GBVCP
-- WaU
043 ## - GEOGRAPHIC AREA CODE
Geographic area code a-ja---
050 00 - LIBRARY OF CONGRESS CALL NUMBER
Classification number DS801
Item number .J7
092 #4 - LOCALLY ASSIGNED DEWEY CALL NUMBER (OCLC)
Classification number 952.005
Item number J864
Edition number 21
099 ## - LOCAL FREE-TEXT CALL NUMBER (OCLC)
Classification number \4
-- 952.005 J864
210 0# - ABBREVIATED TITLE
Abbreviated title J. Jpn. stud.
Qualifying information (Print)
222 #0 - KEY TITLE
Key title Journal of Japanese studies
Qualifying information (Print)
245 04 - TITLE STATEMENT
Title The Journal of Japanese studies.
260 ## - PUBLICATION, DISTRIBUTION, ETC.
Place of publication, distribution, etc. Seattle, WA:
Name of publisher, distributor, etc. (Thomson Hall DR-05,University of Washington) : Society for Japanese Studies,
Date of publication, distribution, etc. 1974-
300 ## - PHYSICAL DESCRIPTION
Extent v.
Dimensions 23 cm.
310 ## - CURRENT PUBLICATION FREQUENCY
Current publication frequency Semiannual
362 0# - DATES OF PUBLICATION AND/OR SEQUENTIAL DESIGNATION
Dates of publication and/or sequential designation v. 1- autumn 1974-
530 ## - ADDITIONAL PHYSICAL FORM AVAILABLE NOTE
Additional physical form available note Also issued online.
650 17 - SUBJECT ADDED ENTRY--TOPICAL TERM
Topical term or geographic name entry element Japanologie.
Source of heading or term gtt
651 #0 - SUBJECT ADDED ENTRY--GEOGRAPHIC NAME
Geographic name Japan
Form subdivision Periodicals.
710 2# - ADDED ENTRY--CORPORATE NAME
Corporate name or jurisdiction name as entry element Society for Japanese Studies.
776 08 - ADDITIONAL PHYSICAL FORM ENTRY
Relationship information Online version:
Title Journal of Japanese studies
Record control number (OCoLC)679339064
776 1# - ADDITIONAL PHYSICAL FORM ENTRY
Title Journal of Japanese studies (Online)
International Standard Serial Number 1549-4721
Record control number (DLC) 2001227193
-- (OCoLC)47075600
905 ## - LOCAL DATA ELEMENT E, LDE (RLIN)
Cataloger Jamal
Reviser Cat.
905 ## - LOCAL DATA ELEMENT E, LDE (RLIN)
Reviser Rev.
942 ## - ADDED ENTRY ELEMENTS (KOHA)
Source of classification or shelving scheme Dewey Decimal Classification
Koha item type Books
المقتنيات
Source of classification or shelving scheme Not for loan Home library Current library Date acquired Full call number Date last seen Koha item type
Dewey Decimal Classification   المكتبة المركزبة الجديدة - جامعة القاهرة قاعة الثقاقات الاجنبية - الدور الثالث 11.02.2024 952.005 J864 23.09.2023 Continuing Resources
Cairo University Libraries Portal Implemented & Customized by: Eng. M. Mohamady Contacts: new-lib@cl.cu.edu.eg | cnul@cl.cu.edu.eg
CUCL logo CNUL logo
© All rights reserved — Cairo University Libraries
CUCL logo
Implemented & Customized by: Eng. M. Mohamady Contact: new-lib@cl.cu.edu.eg © All rights reserved — New Central Library
CNUL logo
Implemented & Customized by: Eng. M. Mohamady Contact: cnul@cl.cu.edu.eg © All rights reserved — Cairo National University Library